Kto zachráni Banskú Štiavnicu? názory mestského úradu a Pamiatkového ústavu na obnovu mesta sa rozchádzajú

Bibliographic Details
Main Author: Bosáková, Oľga (Author)
Format: Article
Language:Slovak
PhysicalDescription:Fotogr.
Subjects:

MARC

LEADER 00000nab a2200000 a 4500
001 vtls000697261
003 SK-MaSNL
005 20260303122326.0
008 180206c1999 xo 0 slo
015 |a SNBRB1999/06-17962 
035 |a CLN000049428 
040 |a SNKBUCL  |b slo  |c SNKBUCL  |e AACR2 
041 0 |a slo 
044 |a xo  |c SK 
080 |a 719(437.6):904  |2 UDC-MRF-SK2 
080 |a 904(437.6):719  |2 UDC-MRF-SK2 
100 1 |a Bosáková, Oľga  |4 aut  |9 275901 
245 1 0 |a Kto zachráni Banskú Štiavnicu?  |b názory mestského úradu a Pamiatkového ústavu na obnovu mesta sa rozchádzajú  |c Oľga Bosáková 
300 |b Fotogr. 
650 0 7 |a obnova a rekonštrukcia pamiatok  |2 snkbucl  |9 91110 
651 7 |a Banská Štiavnica (Slovensko)  |2 snkbucl  |9 16373 
655 7 |a články z novín a časopisov  |2 snkbucl  |9 267496 
773 0 |t Fakty  |g Roč. 6, č. 27 (1999), s. 4-5 
850 |a Slovenská národná knižnica v Martine 
852 |a SNK  |b KIS3GCP 
958 |a RBX 
999 |c 1920367  |d 1922297